00344 a2200109 450000100060000008200120000610000730001824500810009126000270017230000120019950000230021191414 aPR 1311 aAtta-UR-Rehman; Muhammad Ajmal Khan and Tuaseef UR Rehman (Avisors) aDesign and Implementation of a Light Detection and Ranging Systemn72 "B" EC aRawalpindibNUSTc2012 avi, 68p aBE Project Reports